Catálogo
 En Linea

Sinfonía vegetal a Juan Pablo Duarte. / (Registro nro. 31628)

Detalles MARC
000 -CABECERA
campo de control de longitud fija 00543nam a2200169 a 4500
001 - NÚMERO DE CONTROL
campo de control 000032137
005 - FECHA Y HORA DE LA ÚLTIMA TRANSACCIÓN
campo de control 20240305141307.0
008 - DATOS DE LONGITUD FIJA--INFORMACIÓN GENERAL
campo de control de longitud fija 110713s19 000 spa d
040 ## - FUENTE DE LA CATALOGACIÓN
Centro catalogador/agencia de origen DO-SdBNP
Lengua de catalogación spa
Centro/agencia transcriptor BNPHU
082 ## - NÚMERO DE LA CLASIFICACIÓN DECIMAL DEWEY
Número de clasificación xxxx
Número de documento/Ítem S211
049 ## - FONDOS LOCALES (OCLC)
Fondos de biblioteca BNPD
100 1# - ENTRADA PRINCIPAL--NOMBRE DE PERSONA
Nombre de persona Sánchez Lamouth, Juan,
Fechas asociadas al nombre 1929-1968
9 (RLIN) 20547
245 10 - MENCIÓN DE TÍTULO
Título Sinfonía vegetal a Juan Pablo Duarte. /
Mención de responsabilidad, etc. Juan Sánchez Lamouth.
260 ## - PUBLICACIÓN, DISTRIBUCIÓN, ETC.
Lugar de publicación, distribución, etc. Santo Domingo :
Nombre del editor, distribuidor, etc. [s. n.],
Fecha de publicación, distribución, etc. [195?].
300 ## - DESCRIPCIÓN FÍSICA
Extensión [65 p.] ;
Dimensiones 23 cm.
586 ## - NOTA DE PREMIOS
Nota de premios Premio Nacional de poesía, Gastón Fernando Deligne 63-64
Existencias
Estado de retiro Estado de pérdida Restricciones de uso No para préstamo Código de colección Localización permanente Ubicación/localización actual Ubicación en estantería Fecha de adquisición Número de inventario Total de préstamos Signatura topográfica completa Código de barras Fecha visto por última vez Precio válido a partir de Tipo de ítem Koha Número de copia
      Excluido de préstamo Monografías: Libros y Folletos Patrimonio Dominicano Patrimonio Dominicano Depósito 13.07.2011 LF1   xxxx S211 32137-10 25.06.2020 25.06.2020 No se presta  
      Excluido de préstamo Monografías: Libros y Folletos Patrimonio Dominicano Patrimonio Dominicano Depósito 08.04.2015 LF1   xxxx S211 32137-20 25.06.2020 25.06.2020 No se presta e. 2

Con tecnología Koha